| 000 | 01834nam a22002537a 4500 | ||
|---|---|---|---|
| 001 | 86946 | ||
| 003 | UA-OsUOA | ||
| 005 | 20201216112139.0 | ||
| 007 | ta | ||
| 008 | 20120912b un ||||| |||| 00| 0 ukr d | ||
| 020 | _a5700002477 | ||
| 040 |
_aUA-OsUOA _brus _cUA-OsUOA _dUA-OsUOA |
||
| 041 | _arus | ||
| 080 | _a82-09 | ||
| 090 |
_a82-09 _bБ13 |
||
| 100 | _aБавин С. | ||
| 245 |
_aЗарубежный детектив ХХ века (в русских переводах) _bПопулярная библиографическая энциклопедия |
||
| 260 |
_aМ. _bКнижная палата _c1991 |
||
| 300 | _a206 с. | ||
| 520 | _aВ книгу вошло около пятидесяти очерков о творчестве писателей - мастеров детектива из многих стран Европы, а также США и Япониии, чьи произведения известны советскому читателю. Это П. Буало и Т. Нарсежак, Э. С. Гарднер, С. Жапризо, П. Вале и М. Шеваль, А. Кристи, Ж. Симеон, Д. Хэммет, Д. Чейз, Р. Стаут, Б. Райнов, Е. Эдигей, Д. Френсис, С. Мацумото и др. Приведены сведения о публикациях. Библиографический раздел содержит перечень зарубежных детективов XX в., опубликованніх в книгах и журналах на русском язіке за тридцать лет - с 1960 по 1989 г. В приложениии - списки серийніх изданий, сборников и антологий детективов по странам. | ||
| 650 | 7 | _2UDC | |
| 942 |
_cBK _2udc |
||
| 955 | _a3 | ||
| 999 |
_c373140 _d373140 |
||